000 00599nam a2200229Ia 4500
005 20260320201930.0
008 008 262003s9999 xx 000 0 eng d
037 _aEBOOK
040 _aCRL
040 _beng
040 _cCRL
041 _2eng
041 _aeng
084 _qCRL
100 _aMatveev
_91136342
245 0 _aPalo Alto Networks from Policy to Code: Automate PAN-OS security policies with Python precision
260 _bIEEE
856 _uhttps://ieeexplore.ieee.org/servlet/opac?bknumber=11244342
942 _cEBOOK
999 _c1724348
_d1724348